Online Catalogue and eLibrary

Women entrepreneurs : (Record no. 2593)

MARC details
000 -LEADER
fixed length control field 00446nam a2200157Ia 4500
005 - DATE AND TIME OF LATEST TRANSACTION
control field 20240418022527.0
008 - FIXED-LENGTH DATA ELEMENTS--GENERAL INFORMATION
fixed length control field 240331s9999 xx 000 0 und d
020 ## - INTERNATIONAL STANDARD BOOK NUMBER
ISBN 8185575053
082 ## - DDC Classification
Item Number - Author Mark DHI
Class No. 331.4
100 ## - MAIN ENTRY--PERSONAL NAME
Personal name Dhillon, Kaur Paramjeet
245 #0 - TITLE STATEMENT
Title Women entrepreneurs :
Remainder of title problems and Prospects
260 ## - PUBLICATION, DISTRIBUTION, ETC.
Place of publication, distribution, etc. New Delhi ;
Name of publisher, distributor, etc. R. Gangadharan for Blaze Publishers & Distributors Pvt
Date of publication, distribution, etc. 1991
300 ## - PHYSICAL DESCRIPTION
Extent (e.g. Volumes, Pages etc.) 223 p .,
650 ## - SUBJECT ADDED ENTRY--TOPICAL TERM
Topical term or geographic name entry element Women
942 ## - Koha item type (Biblio)
Koha item type Books in Stacks (Lending)
Holdings
Lost status Damaged status Collection code Home library Current library Shelving location Date acquired Full call number Accession Number Item type
    Lending WERC Library WERC Library Social Science Cupboard 03/31/2024 331.4 DHI 1568 Books in Stacks (Lending)

© WERC Library